[Event "Mumbai Aurionpro GM op"]
[Site "Mumbai"]
[Date "2025.06.17"]
[Round "2"]
[White "Sardana, Vivaan"]
[Black "Neelotpal, Das"]
[Result "0-1"]
[WhiteElo "1930"]
[BlackElo "2361"]
[PlyCount "142"]
[EventDate "2025.06.16"]
[EventType "swiss"]
[EventRounds "9"]
[EventCountry "IND"]
[SourceTitle "CB26_2025"]
[SourceDate "2025.06.25"]
[SourceVersion "1"]
[SourceVersionDate "2025.06.25"]
[SourceQuality "1"]

1. e4 c5 2. Nf3 Nc6 3. d4 cxd4 4. Nxd4 Qb6 5. Nb3 Nf6 6. Nc3 e6 7. Be3 Qc7 8. a3 a6 9. Bd3 b5 10. f4 d6 11. 0-0 Be7 12. Qf3 0-0 13. Rae1 Bb7 14. Nd4 Nd7 15. Nxc6 Bxc6 16. Qh3 Nc5 17. Bxc5 dxc5 18. e5 g6 19. Be4 Rad8 20. Bxc6 Qxc6 21. Ne4 f5 22. exf6 Bxf6 23. c3 Be7 24. Ng3 Rf6 25. Ne4 Rf7 26. Rf3 c4 27. Qg3 Rd5 28. Ng5 Bxg5 29. fxg5 Qc5+ 30. Kh1 Rxg5 31. Qb8+ Qf8 32. Qxf8+ Kxf8 33. Rxe6 Rd5 34. h3 Rxf3 35. gxf3 Rd2 36. Rxa6 Rxb2 37. Kg1 Kg7 38. Rb6 Kh6 39. Kf1 Rb3 40. Kg2 Kg5 41. Kg3 Kf5 42. Rb7 h6 43. Ra7 g5 44. a4 bxa4 45. Ra5+ Kg6 46. Rxa4 Rxc3 47. Ra6+ Kg7 48. Rc6 h5 49. Kg2 h4 50. Kf2 Kf7 51. Ke2 Rc1 52. Kd2 Rh1 53. Rxc4 Rxh3 54. Ke3 Kg6 55. Kf2 Rh2+ 56. Kg1 Rb2 57. Rg4 Kf5 58. Rc4 Ra2 59. Rb4 Rd2 60. Rc4 Ke5 61. Rg4 Kf5 62. Rc4 Kg6 63. Rg4 Kf5 64. Rc4 Ra2 65. Rg4 Ra3 66. Kg2 h3+ 67. Kxh3 Rxf3+ 68. Rg3 Kf4 69. Rxf3+ Kxf3 70. Kh2 g4 71. Kh1 g3 0-1

[Event "Mumbai Aurionpro GM op"]
[Site "Mumbai"]
[Date "2025.06.16"]
[Round "1"]
[White "Neelotpal, Das"]
[Black "Karthik, Gopal G"]
[Result "1-0"]
[WhiteElo "2361"]
[BlackElo "1800"]
[PlyCount "59"]
[EventDate "2025.06.16"]
[EventType "swiss"]
[EventRounds "9"]
[EventCountry "IND"]
[SourceTitle "CB26_2025"]
[SourceDate "2025.06.25"]
[SourceVersion "1"]
[SourceVersionDate "2025.06.25"]
[SourceQuality "1"]

1. d4 d5 2. c4 c6 3. Nc3 Nf6 4. e3 e6 5. Nf3 Nbd7 6. Bd3 dxc4 7. Bxc4 b5 8. Bd3 a6 9. e4 Bb7 10. e5 Nd5 11. Nxd5 cxd5 12. Ng5 Be7 13. Qg4 g6 14. h4 h5 15. Qf3 Bb4+ 16. Kf1 Qe7 17. Qg3 Rg8 18. a3 Ba5 19. Nf3 Rc8 20. Bg5 Qf8 21. Ke2 Bc7 22. Rhc1 f5 23. Bd2 Bd8 24. Rxc8 Bxc8 25. Rc1 Bb7 26. Ng5 Bxg5 27. Qxg5 Nb6 28. Ba5 Na8 29. Qd8+ Kf7 30. Qf6+ 1-0

[Event "IND-ch Rapid"]
[Site "Mahilong"]
[Date "2025.03.22"]
[Round "9"]
[White "Neelotpal, Das"]
[Black "Aaditya, Dhingra"]
[Result "1-0"]
[WhiteElo "2286"]
[BlackElo "2217"]
[PlyCount "105"]
[EventDate "2025.03.20"]
[EventType "tourn (rapid)"]
[EventRounds "11"]
[EventCountry "IND"]
[SourceTitle "CB13_2025"]
[SourceDate "2025.03.26"]
[SourceVersion "1"]
[SourceVersionDate "2025.03.26"]
[SourceQuality "1"]

1. d4 Nf6 2. c4 c5 3. d5 e6 4. Nc3 exd5 5. cxd5 d6 6. Nf3 g6 7. h3 Bg7 8. e4 0-0 9. Bd3 Re8 10. 0-0 Nbd7 11. Bf4 c4 12. Bc2 Nc5 13. Re1 b5 14. a3 Qb6 15. Be3 Bd7 16. Bd4 a5 17. e5 dxe5 18. Nxe5 Rac8 19. Qf3 Qd6 20. Re3 Rf8 21. Nxd7 Ncxd7 22. Nxb5 Qxd5 23. a4 Qxf3 24. Rxf3 Nd5 25. Rd1 Bxd4 26. Rxd4 N7b6 27. Nc3 Nb4 28. Bb1 Rcd8 29. Rff4 f5 30. h4 Kg7 31. g4 fxg4 32. Rxg4 Nc6 33. Rxd8 Rxd8 34. Rg5 Nd7 35. Be4 Nce5 36. f4 Nf7 37. Rxa5 Nf6 38. Bd5 Nd6 39. Rc5 Rb8 40. a5 Nxd5 41. Rxd5 Nf5 42. a6 Ra8 43. Rd7+ Kf6 44. a7 Ke6 45. Rxh7 Nd4 46. Rb7 Kd6 47. Na4 Kc6 48. Rb6+ Kc7 49. Rxg6 Ne2+ 50. Kf1 Nxf4 51. Rg4 Ne6 52. Rxc4+ Kd6 53. Nb6 1-0

[Event "Singapore op"]
[Site "Singapore"]
[Date "2024.12.03"]
[Round "6"]
[White "Neelotpal, Das"]
[Black "Sanal, Vahap"]
[Result "0-1"]
[WhiteElo "2356"]
[BlackElo "2561"]
[PlyCount "66"]
[EventDate "2024.11.29"]
[EventType "swiss"]
[EventRounds "9"]
[EventCountry "SIN"]
[SourceTitle "CB50_2024"]
[SourceDate "2024.11.01"]
[SourceVersion "1"]
[SourceVersionDate "2024.11.01"]
[SourceQuality "2"]

1. d4 d6 2. e4 Nf6 3. Nc3 e5 4. Nf3 Nbd7 5. Bc4 Be7 6. a4 c6 7. 0-0 0-0 8. Re1 h6 9. h3 Re8 10. a5 Qc7 11. Be3 exd4 12. Bxd4 Ne5 13. Bb3 Bf8 14. Be3 Be6 15. Bxe6 Nxf3+ 16. Qxf3 Rxe6 17. Bd4 a6 18. Qd3 Rae8 19. Re2 Qe7 20. Rae1 Nh5 21. Qd2 Qh4 22. Be3 Nf6 23. f3 Qh5 24. b4 d5 25. exd5 Nxd5 26. Nxd5 Qxd5 27. Qxd5 cxd5 28. c3 d4 29. cxd4 Bxb4 30. Rb1 Bc3 31. Kf2 Bxd4 32. Bxd4 Rxe2+ 33. Kg3 Rd2 0-1

[Event "Titled Tuesday intern op 27th Feb Early"]
[Site "Chess.com INT"]
[Date "2024.02.27"]
[Round "2"]
[White "Gonzalez Zharikov, Andrey"]
[Black "Neelotpal, Das"]
[Result "0-1"]
[WhiteElo "1985"]
[BlackElo "2355"]
[PlyCount "50"]
[EventDate "2024.02.27"]
[EventType "swiss (blitz)"]
[EventRounds "11"]
[EventCountry "USA"]
[SourceTitle "EXT 2025"]
[Source "ChessBase"]
[SourceDate "2024.10.14"]
[SourceVersion "1"]
[SourceVersionDate "2024.10.14"]
[SourceQuality "1"]

1. e4 e5 2. Nf3 Nc6 3. Bb5 a6 4. Ba4 Nf6 5. 0-0 b5 6. Bb3 Bb7 7. d3 Bc5 8. a4 d6 9. Bg5 h6 10. Be3 0-0 11. Nbd2 Nd7 12. c3 Ne7 13. d4 Bb6 14. Qe2 c6 15. Rfd1 Ng6 16. c4 b4 17. Rac1 c5 18. d5 Nf6 19. Bc2 Bc8 20. Nf1 Nh5 21. Ng3 Nhf4 22. Qd2 Qf6 23. Bd3 Bg4 24. Be2 Nxe2+ 25. Qxe2 Nh4 0-1

[Event "Titled Tuesday intern op 27th Feb Early"]
[Site "Chess.com INT"]
[Date "2024.02.27"]
[Round "7"]
[White "Ilkhomi, Jaloliddin"]
[Black "Neelotpal, Das"]
[Result "1-0"]
[WhiteElo "2166"]
[BlackElo "2355"]
[PlyCount "109"]
[EventDate "2024.02.27"]
[EventType "swiss (blitz)"]
[EventRounds "11"]
[EventCountry "USA"]
[SourceTitle "EXT 2025"]
[Source "ChessBase"]
[SourceDate "2024.10.14"]
[SourceVersion "1"]
[SourceVersionDate "2024.10.14"]
[SourceQuality "1"]

1. Nf3 Nf6 2. c4 e6 3. g3 d5 4. Bg2 d4 5. 0-0 Nc6 6. d3 Bc5 7. a3 a5 8. e3 0-0 9. exd4 Nxd4 10. Be3 c6 11. Nc3 Nxf3+ 12. Bxf3 Bd4 13. Qc2 e5 14. Ne2 Bxe3 15. fxe3 Bh3 16. Rfe1 Ng4 17. Nc3 f5 18. Qe2 Qg5 19. Bxg4 Bxg4 20. Qd2 Rad8 21. Rf1 h5 22. Rf2 h4 23. gxh4 Qxh4 24. Re1 Rf6 25. Ne2 Rfd6 26. d4 exd4 27. exd4 Bxe2 28. Qxe2 Qxd4 29. Kh1 Qd3 30. Qxd3 Rxd3 31. Re7 Rd2 32. Rxd2 Rxd2 33. Rxb7 f4 34. h4 a4 35. c5 Kh7 36. Rb4 f3 37. Kg1 Kh6 38. Rxa4 Rxb2 39. Rf4 Rb3 40. a4 Ra3 41. Kf2 Kh5 42. Rd4 g6 43. Kg3 Rc3 44. a5 Rxc5 45. Ra4 Rf5 46. Kf2 Rf7 47. a6 Ra7 48. Kxf3 c5 49. Ke3 g5 50. hxg5 Kxg5 51. Kd3 Kf6 52. Kc4 Ke6 53. Kxc5 Kd7 54. Kb6 Ra8 55. Kb7 1-0

[Event "Titled Tuesday intern op 27th Feb Early"]
[Site "Chess.com INT"]
[Date "2024.02.27"]
[Round "9"]
[White "Neelotpal, Das"]
[Black "Batista Rosas, Nicolas Arturo"]
[Result "1-0"]
[WhiteElo "2355"]
[BlackElo "2131"]
[PlyCount "45"]
[EventDate "2024.02.27"]
[EventType "swiss (blitz)"]
[EventRounds "11"]
[EventCountry "USA"]
[SourceTitle "EXT 2025"]
[Source "ChessBase"]
[SourceDate "2024.10.14"]
[SourceVersion "1"]
[SourceVersionDate "2024.10.14"]
[SourceQuality "1"]

1. c4 c6 2. Nf3 d5 3. d4 Nf6 4. Nc3 e6 5. e3 Bd6 6. Qc2 0-0 7. Bd3 dxc4 8. Bxc4 b5 9. Bd3 Bb7 10. e4 Be7 11. e5 Nd5 12. Bxh7+ Kh8 13. Be4 Nd7 14. h4 f5 15. exf6 N7xf6 16. Ne5 Nxe4 17. Qxe4 Kg8 18. Ng6 Rf6 19. Bg5 Rf7 20. Nxd5 cxd5 21. Qxe6 Bxg5 22. hxg5 Qa5+ 23. Kf1 1-0

[Event "Titled Tuesday intern op 27th Feb Early"]
[Site "Chess.com INT"]
[Date "2024.02.27"]
[Round "4"]
[White "Neelotpal, Das"]
[Black "Pliukha, Myhajlo"]
[Result "1-0"]
[WhiteElo "2355"]
[BlackElo "2209"]
[PlyCount "55"]
[EventDate "2024.02.27"]
[EventType "swiss (blitz)"]
[EventRounds "11"]
[EventCountry "USA"]
[SourceTitle "EXT 2025"]
[Source "ChessBase"]
[SourceDate "2024.10.14"]
[SourceVersion "1"]
[SourceVersionDate "2024.10.14"]
[SourceQuality "1"]

1. d4 Nf6 2. Nf3 e6 3. c4 d5 4. e3 c5 5. Nc3 Nc6 6. a3 a6 7. dxc5 Bxc5 8. b4 Be7 9. Bb2 0-0 10. Qc2 dxc4 11. Bxc4 b5 12. Bd3 Bb7 13. Rd1 Qc7 14. Ne4 Nxe4 15. Bxe4 h6 16. Rc1 Rac8 17. Nd4 Bf6 18. Nxc6 Bxc6 19. Bxf6 Bxe4 20. Qxc7 Rxc7 21. Rxc7 gxf6 22. f3 Bd3 23. Kf2 Bc4 24. Rd1 Ra8 25. Rcd7 Kg7 26. Rd8 Ra7 27. R1d7 Rxd7 28. Rxd7 1-0

[Event "Titled Tuesday intern op 28th Nov Early"]
[Site "Chess.com INT"]
[Date "2023.11.28"]
[Round "7"]
[White "Arslanov, Shamil"]
[Black "Neelotpal, Das"]
[Result "1-0"]
[WhiteElo "2410"]
[BlackElo "2350"]
[PlyCount "39"]
[EventDate "2023.11.28"]
[EventType "swiss (blitz)"]
[EventRounds "11"]
[EventCountry "USA"]
[SourceTitle "EXT 2025"]
[Source "ChessBase"]
[SourceDate "2024.10.14"]
[SourceVersion "1"]
[SourceVersionDate "2024.10.14"]
[SourceQuality "1"]

1. d4 d5 2. e4 dxe4 3. Nc3 Nf6 4. f3 e3 5. Bxe3 e6 6. Bd3 Bb4 7. a3 Bxc3+ 8. bxc3 b6 9. f4 Bb7 10. Nf3 Nbd7 11. 0-0 0-0 12. Ne5 c5 13. Qe1 Qc8 14. f5 Re8 15. Qh4 Nxe5 16. dxe5 Qc6 17. Rf3 Ne4 18. f6 c4 19. Rg3 Nxg3 20. Qxh7+ 1-0

[Event "Titled Tuesday intern op 28th Nov Early"]
[Site "Chess.com INT"]
[Date "2023.11.28"]
[Round "6"]
[White "Mamedov, Edgar"]
[Black "Neelotpal, Das"]
[Result "1-0"]
[WhiteElo "2234"]
[BlackElo "2350"]
[PlyCount "53"]
[EventDate "2023.11.28"]
[EventType "swiss (blitz)"]
[EventRounds "11"]
[EventCountry "USA"]
[SourceTitle "EXT 2025"]
[Source "ChessBase"]
[SourceDate "2024.10.14"]
[SourceVersion "1"]
[SourceVersionDate "2024.10.14"]
[SourceQuality "1"]

1. d4 Nf6 2. Bg5 g6 3. Bxf6 exf6 4. e3 f5 5. g3 d5 6. Bg2 c6 7. Ne2 Bd6 8. 0-0 Nd7 9. Nd2 Nf6 10. c4 dxc4 11. Nxc4 Bc7 12. b4 0-0 13. a4 Re8 14. b5 Be6 15. Qc2 Bd5 16. bxc6 Bxg2 17. Kxg2 Qd5+ 18. Kg1 Qxc6 19. Rfc1 Rac8 20. Nd2 Qd7 21. Qb3 f4 22. gxf4 Qh3 23. Qxb7 Ba5 24. Nf1 Rb8 25. Qa6 Bb4 26. Qxf6 Rb6 27. Qg5 1-0

[Event "Titled Tuesday intern op 28th Nov Early"]
[Site "Chess.com INT"]
[Date "2023.11.28"]
[Round "8"]
[White "Neelotpal, Das"]
[Black "Zainullina, Nataliya"]
[Result "1-0"]
[WhiteElo "2350"]
[BlackElo "2099"]
[PlyCount "73"]
[EventDate "2023.11.28"]
[EventType "swiss (blitz)"]
[EventRounds "11"]
[EventCountry "USA"]
[SourceTitle "EXT 2025"]
[Source "ChessBase"]
[SourceDate "2024.10.14"]
[SourceVersion "1"]
[SourceVersionDate "2024.10.14"]
[SourceQuality "1"]

1. b3 d5 2. Bb2 Nf6 3. e3 Bf5 4. Be2 e6 5. g4 Be4 6. f3 Bg6 7. h4 h5 8. g5 Nfd7 9. d3 c5 10. Nd2 Bd6 11. f4 Rg8 12. Bxh5 Bxh5 13. Qxh5 Nc6 14. g6 f6 15. Qg4 Qe7 16. Ngf3 0-0-0 17. 0-0-0 Kb8 18. Kb1 e5 19. Rde1 Nb6 20. h5 c4 21. fxe5 fxe5 22. dxc4 dxc4 23. Nxc4 Nxc4 24. Qxc4 Rc8 25. Qe4 Ba3 26. Ba1 Qc5 27. Nxe5 Ka8 28. Nc4 Rge8 29. Qg2 b5 30. Nxa3 Qxa3 31. Bb2 Qc5 32. h6 gxh6 33. g7 a5 34. Rxh6 Ka7 35. Rh7 Rg8 36. Rd1 Nb4 37. Rd7+ 1-0

[Event "Titled Tuesday intern op 28th Nov Early"]
[Site "Chess.com INT"]
[Date "2023.11.28"]
[Round "2"]
[White "Nikulina, Alena"]
[Black "Neelotpal, Das"]
[Result "0-1"]
[WhiteElo "1844"]
[BlackElo "2350"]
[PlyCount "90"]
[EventDate "2023.11.28"]
[EventType "swiss (blitz)"]
[EventRounds "11"]
[EventCountry "USA"]
[SourceTitle "EXT 2025"]
[Source "ChessBase"]
[SourceDate "2024.10.14"]
[SourceVersion "1"]
[SourceVersionDate "2024.10.14"]
[SourceQuality "1"]

1. e4 e5 2. Nf3 Nc6 3. Bb5 a6 4. Ba4 Bc5 5. c3 b5 6. Bb3 Nf6 7. 0-0 d6 8. d4 Bb6 9. Bg5 0-0 10. d5 Ne7 11. Re1 Ng6 12. Nbd2 h6 13. Be3 Bxe3 14. fxe3 Ng4 15. Qe2 f5 16. exf5 Bxf5 17. e4 Bd7 18. Rf1 Qb8 19. h3 Qb6+ 20. Kh1 Nf4 21. Qe1 Nd3 22. Qg3 Ndf2+ 23. Rxf2 Qxf2 24. Qxf2 Nxf2+ 25. Kg1 Nd3 26. Rb1 a5 27. Bc2 Nc5 28. c4 Rfb8 29. b3 bxc4 30. Nxc4 Bb5 31. Nfd2 Bd7 32. Rf1 a4 33. Bd1 axb3 34. axb3 Ra1 35. g4 Nd3 36. Bc2 Rxf1+ 37. Nxf1 Nf4 38. Kh2 Ra8 39. Kg3 Ra2 40. Nfe3 Bb5 41. Bd1 Bxc4 42. bxc4 Ra3 43. Kf2 Nxh3+ 44. Kf3 Ng5+ 45. Kf2 Nxe4+ 0-1